000 00437pab a2200157 454500
008 180718b2007 xxu||||| |||| 00| 0 eng d
100 _aPani, Pranab K.
245 _aMadhya Pradesh's industrial sector: structure and performance
260 _c2007
300 _ap.369-76.
362 _a3 Feb
650 _aMadhya Pradesh - Industries
650 _aIndustrial development
773 _aEconomic and Political Weekly
909 _a73291
999 _c73291
_d73291